Formulario de nulidades civiles /

সংরক্ষণ করুন:
গ্রন্থ-পঞ্জীর বিবরন
প্রধান লেখক: Bailón Valdovinos, Rosalío (autor)
বিন্যাস: গ্রন্থ
ভাষা:স্প্যানিশ
প্রকাশিত: México : Limusa, 2003, c2003
বিষয়গুলি:
ট্যাগগুলো: ট্যাগ যুক্ত করুন
কোনো ট্যাগ নেই, প্রথমজন হিসাবে ট্যাগ করুন!

MARC

LEADER 00000nam^a2200000^a^4500
001 000153602
005 20250521000000.0
009 20260310100326.257
020 |a 968-18-6316-X 
037 |a Acervo ITESO - Biblioteca 
041 |a ESP 
082 |a 347. 72  |b BAI 
100 |a Bailón Valdovinos, Rosalío  |e (autor) 
245 1 0 |a Formulario de nulidades civiles /  |c R. Bailón Valdovinos. 
264 4 |a México :  |b Limusa,  |c 2003, c2003 
300 |a 185 p. 
336 |a texto  |b txt  |2 rdacontenido 
337 |a sin mediación  |b n  |2 rdamedio 
338 |a volumen  |b nc  |2 rdasoporte 
649 |a XX 
650 |a Nulidad -  |z México 
650 |a Rescisión (Derecho) -  |z México 
650 |a Sanciones (Derecho) -  |z México 
650 |a Procedimientos Civiles -  |z México 
650 |a Tribunales -  |z México 
650 |a Jurisprudencia -  |z México 
650 |a Poder Judicial -  |z México 
650 |a Derecho Civil -  |z México 
650 |a Derecho Privado -  |z México 
650 |a Derecho -  |z México 
910 |a Fondo General 
920 |a Impresos - Libros 
930 |a Colección General 
905 |a 101 
901 |a 0500082289  |b IT1  |c ACC  |u 20250521 
902 |a https://opac.biblio.iteso.mx/vufind/Record/000153602